1-100 Ranking FIFA - Statystyki

Ogólne statystyki
  • Ten quiz został rozwiązany 293 razy
    84 od ostatniego zresetowania
  • Średni wynik to 74 z 100
Statystyki odpowiedzi
Punkty Reprezentacje % Poprawnych
1870 Francja
99%
1873 Argentyna
97%
1760 Brazylia
97%
1877 Hiszpania
97%
1532 Polska
97%
1760 Portugalia
97%
1834 Anglia
96%
1553 Norwegia
96%
1487 Szwecja
96%
1730 Belgia
94%
1756 Holandia
94%
1724 Niemcy
94%
1702 Włochy
94%
1559 Kanada
93%
1485 Słowacja
93%
1487 Czechy
91%
1341 Finlandia
91%
1675 Meksyk
91%
1524 Rosja
91%
1681 USA
91%
1716 Chorwacja
90%
1585 Austria
88%
1520 Egipt
88%
1713 Maroko
88%
1654 Szwajcaria
88%
1557 Ukraina
88%
1574 Australia
87%
1436 Irlandia
87%
1650 Japonia
87%
1426 Republika Południowej Afryki
87%
1447 Słowenia
87%
1672 Urugwaj
87%
1457 Chile
86%
1616 Dania
86%
1480 Grecja
86%
1701 Kolumbia
86%
1506 Szkocja
86%
1529 Walia
86%
1401 Albania
84%
1599 Korea Południowa
84%
1279 Nowa Zelandia
84%
1504 Serbia
84%
1496 Węgry
83%
1465 Rumunia
81%
1582 Turcja
81%
1428 Arabia Saudyjska
80%
1249 Chiny
80%
1591 Ekwador
80%
1648 Senegal
80%
1465 Wenezuela
80%
1502 Nigeria
78%
1362 Bośnia i Hercegowina
77%
1272 Bułgaria
77%
1366 Irlandia Północna
77%
1501 Paragwaj
77%
1459 Peru
77%
1497 Tunezja
77%
1329 Boliwia
75%
1617 Iran
75%
1344 Islandia
75%
1351 Ghana
74%
1440 Kamerun
74%
1461 Katar
74%
1516 Algieria
72%
1464 Kostaryka
72%
1489 Wybrzeże Kości Słoniowej
72%
1227 Białoruś
71%
1442 Demokratyczna Republika Konga
71%
1438 Irak
71%
1297 Czarnogóra
70%
1328 Izrael
70%
1378 Macedonia Północna
70%
1308 Kosowo
67%
1347 Gruzja
64%
1377 Jordania
62%
1540 Panama
62%
1379 Honduras
61%
1362 Jamajka
59%
1462 Uzbekistan
59%
1369 Zjednoczone Emiraty Arabskie
59%
1312 Oman
55%
1294 Haiti
51%
1321 Gabon
49%
1367 Republika Zielonego Przylądka
49%
1271 Angola
48%
1243 Tajlandia
48%
1455 Mali
45%
1226 Salwador
45%
1260 Zambia
45%
1302 Curacao
43%
1278 Syria
43%
1307 Gwinea
42%
1245 Gwatemala
41%
1258 Bahrajn
38%
1404 Burkina Faso
33%
1227 Trynidad i Tobago
32%
1288 Uganda
32%
1229 Gwinea Równikowa
30%
1255 Benin
22%
1230 Palestyna
16%
Nie znaleziono quizów pasujących do podanych kryteriów
Rozkład punktacji
Procent ludzi z każdym wynikiem
Percentyl według liczby udzielonych odpowiedzi
Twoja historia wyników
Nie rozwiązałeś tego quizu od ostatniego zresetowania